Treatment of borderline personality disorder : a guide to evidence-based practice /

Bibliographic Details
Main Author: Paris, Joel, 1940- (Author)
Format: eBook
Language:English
Published: New York : The Guilford Press, [2020]
Edition:Second edition.
Subjects:
Online Access:Connect to the full text of this electronic book

MARC

Tag First Indicator Second Indicator Subfields
LEADER 00000cam a2200000 i 4500
001 in00004539321
005 20220930163249.4
006 m o d
007 cr cn|||||||||
008 191204s2020 nyu ob 001 0 eng d
019 |a 1129186849  |a 1138500204  |a 1141485293  |a 1143278750 
020 |a 9781462542000  |q (electronic book) 
020 |a 146254200X  |q (electronic book) 
020 |a 9781462542017  |q (epub) 
020 |a 1462542018  |q (epub) 
020 |a 9781462541980  |q (pdf) 
020 |a 1462541984  |q (pdf) 
020 |a 9781462541997  |q (kindle edition) 
020 |a 1462541992  |q (kindle edition) 
020 |z 9781462542543  |q (hardcover) 
020 |z 1462542549  |q (hardcover) 
020 |z 9781462541935  |q (paperback) 
020 |z 1462541933  |q (paperback) 
035 |a (OCoLC)1129166109  |z (OCoLC)1129186849  |z (OCoLC)1138500204  |z (OCoLC)1141485293  |z (OCoLC)1143278750 
040 |a YDX  |b eng  |e rda  |e pn  |c YDX  |d N$T  |d OCLCF  |d YDXIT  |d OCLCQ  |d EBLCP  |d UKAHL  |d OCL  |d OSU  |d OCLCQ  |d VLB  |d OCLCO 
060 4 |a WM 190.5.B5  |b P232t 2020eb 
100 1 |a Paris, Joel,  |d 1940-  |e author. 
245 1 0 |a Treatment of borderline personality disorder :  |b a guide to evidence-based practice /  |c Joel Paris. 
246 3 0 |a Borderline personality disorder :  |b a guide to evidence-based practice 
250 |a Second edition. 
264 1 |a New York :  |b The Guilford Press,  |c [2020] 
264 4 |c ©2020 
300 |a 1 online resource 
336 |a text  |b txt  |2 rdacontent 
337 |a computer  |b c  |2 rdamedia 
338 |a online resource  |b cr  |2 rdacarrier 
504 |a Includes bibliographical references and index. 
505 0 |a Making the Diagnosis -- Dimensional Models -- Boundaries with Other Mental Disorders -- BPD across the Life Cycle -- Risk Factors -- A General Model -- Outcome -- Psychopharmacology -- Psychotherapy -- Brief Treatment and Stepped Care -- Guidelines for Management -- Stigma and Families -- Therapeutic Interventions -- Problems in Therapy -- Suicidality and Hospitalization -- Research Directions. 
650 0 |a Borderline personality disorder. 
650 0 |a Borderline personality disorder  |x Treatment. 
650 0 |a Evidence-based psychiatry. 
650 2 |a Borderline Personality Disorder  |x therapy. 
650 2 |a Borderline Personality Disorder  |x diagnosis. 
650 2 |a Borderline Personality Disorder  |x etiology. 
650 2 |a Evidence-Based Medicine. 
650 2 |a Psychotherapy  |x methods. 
856 4 0 |u http://proxy.library.tamu.edu/login?url=https://ebookcentral.proquest.com/lib/tamum-ebooks/detail.action?docID=5984764  |z Connect to the full text of this electronic book  |t 0 
948 |h HELD BY TMV - 78 OTHER HOLDINGS 
994 |a Z0  |b TMV 
999 f f |s 4fd25ed9-bbf6-39a7-b2e6-494bd93079b6  |i 43753c2c-8263-3e98-bce8-afbfe0b63da4  |t 0 
952 f f |a Texas A&M University  |b College Station  |c Electronic Resources  |d Available Online  |t 0  |e WM 190.5.B5 P232t 2020eb  |h National Library of Medicine classification 
998 f f |a WM 190.5.B5 P232t 2020eb  |t 0  |l Available Online